[Event "Lazy Baltic Pearl op-C 20th"]
[Site "Lazy"]
[Date "2024.06.30"]
[Round "7"]
[White "Makowski, Tomasz"]
[Black "Sokolowski, Ryszard"]
[Result "0-1"]
[WhiteElo "1862"]
[BlackElo "1995"]
[PlyCount "52"]
[EventDate "2024.06.24"]
[EventType "swiss"]
[EventRounds "9"]
[EventCountry "POL"]
[SourceTitle "CBM 220 Extra"]
[Source "ChessBase"]
[SourceDate "2024.07.31"]
[SourceVersion "1"]
[SourceVersionDate "2024.07.31"]
[SourceQuality "1"]

1. d4 e6 2. c4 Nf6 3. Nc3 Bb4 4. f3 0-0 5. e3 Nh5 6. Qc2 f5 7. a3 Bd6 8. g3 c5 9. f4 a6 10. Bg2 Nc6 11. Nf3 Rb8 12. Ne5 cxd4 13. Nxc6 bxc6 14. exd4 c5 15. Be3 Qc7 16. Qe2 Nf6 17. dxc5 Bxc5 18. Bxc5 Qxc5 19. Na4 Qa5+ 20. Nc3 d5 21. 0-0-0 dxc4 22. Rd4 Qb6 23. Rhd1 Ng4 24. h3 Ne3 25. Na4 Qb3 26. Nc5 Qa2 0-1

[Event "Lazy Baltic Pearl op-C 20th"]
[Site "Lazy"]
[Date "2024.06.24"]
[Round "2"]
[White "Szczesniak, Konrad"]
[Black "Makowski, Tomasz"]
[Result "1/2-1/2"]
[WhiteElo "2019"]
[BlackElo "1862"]
[PlyCount "190"]
[EventDate "2024.06.24"]
[EventType "swiss"]
[EventRounds "9"]
[EventCountry "POL"]
[SourceTitle "CBM 220 Extra"]
[Source "ChessBase"]
[SourceDate "2024.07.31"]
[SourceVersion "1"]
[SourceVersionDate "2024.07.31"]
[SourceQuality "1"]

1. d4 Nf6 2. Nf3 e6 3. e3 b6 4. Bd3 Bb7 5. Nbd2 d5 6. Ne5 Bd6 7. Qf3 0-0 8. Qh3 c5 9. c3 Nbd7 10. f4 Ne4 11. Ndf3 Qe7 12. 0-0 f6 13. Nxd7 Qxd7 14. Bd2 Rae8 15. Be1 Bc8 16. Nd2 Qb7 17. Qh5 g6 18. Qh6 Nxd2 19. Bxd2 f5 20. Rf3 Qg7 21. Qh3 c4 22. Bc2 Qf6 23. Kh1 Be7 24. Be1 h5 25. Rg3 Kf7 26. Rf3 Bd7 27. Qg3 Rg8 28. Qf2 Rb8 29. Qf1 b5 30. a3 a5 31. Rh3 Qg7 32. Bh4 Bxh4 33. Rxh4 Qf6 34. Rh3 Ke7 35. Qe2 Rh8 36. Rg3 a4 37. Rg5 Rbg8 38. Kg1 Rh6 39. Kf2 h4 40. Bd1 Rgh8 41. Qc2 Kd6 42. Bf3 Bc6 43. Rg1 Be8 44. Ke1 Qe7 45. Qe2 R6h7 46. Qf1 Bf7 47. Rh1 Be8 48. Kf2 Rh6 49. Rg1 R6h7 50. Rh1 Rh6 51. Qg1 R6h7 52. g4 Bf7 53. Bg2 Rf8 54. Bh3 Be8 55. Ke2 Qf6 56. Qg2 Qf7 57. Rg1 Qe7 58. Qf2 Qd7 59. Rg2 Qe7 60. Qg1 Kc7 61. gxf5 exf5 62. Rf2 Qe4 63. Qd1 Re7 64. Qd2 Bf7 65. Bg2 Qe6 66. Rf3 Kd6 67. Rh3 Rh8 68. Qe1 Kc6 69. e4 fxe4 70. Rxh4 Ree8 71. Qg3 Qf6 72. Rhg4 Rh6 73. Re5 Reh8 74. h3 Rh5 75. Rgg5 Rxg5 76. fxg5 Qd6 77. Qf4 Rf8 78. Qg4 Qd7 79. Qf4 Qd6 80. Qh4 Be6 81. Qh7 Rf7 82. Qh8 Rf8 83. Qh6 Rf7 84. Ke3 Bf5 85. Qh8 Qf8 86. Qxf8 Rxf8 87. Re7 Rh8 88. Rf7 Bxh3 89. Rf6+ Kd7 90. Bxh3+ Rxh3+ 91. Ke2 Rh2+ 92. Ke3 Rh3+ 93. Ke2 Rh2+ 94. Ke3 Rh3+ 95. Ke2 Rh2+ 1/2-1/2

[Event "Warsaw YMCA Autumn-A 278th"]
[Site "Warsaw"]
[Date "2023.11.09"]
[Round "8"]
[White "Makowski, Tomasz"]
[Black "Basiaga, Sebastian"]
[Result "1/2-1/2"]
[WhiteElo "1775"]
[BlackElo "1856"]
[PlyCount "87"]
[EventDate "2023.09.22"]
[EventType "tourn"]
[EventRounds "13"]
[EventCountry "POL"]
[SourceTitle "EXT 2025"]
[Source "ChessBase"]
[SourceDate "2024.10.14"]
[SourceVersion "1"]
[SourceVersionDate "2024.10.14"]
[SourceQuality "1"]

1. d4 d5 2. c4 c6 3. cxd5 cxd5 4. Nf3 Nf6 5. Nc3 Nc6 6. Bf4 Bf5 7. e3 a6 8. Bd3 Bxd3 9. Qxd3 e6 10. 0-0 Be7 11. Rac1 0-0 12. Ne5 Rc8 13. Nxc6 Rxc6 14. h3 Qd7 15. Rc2 Rfc8 16. Rfc1 b5 17. Nb1 Qb7 18. Nd2 Nd7 19. Nb3 Bd8 20. Nc5 Nxc5 21. Rxc5 Be7 22. Rxc6 Rxc6 23. Rxc6 Qxc6 24. Qc3 Qxc3 25. bxc3 Ba3 26. Bc7 Kf8 27. Ba5 Ke8 28. Kf1 Be7 29. Ke2 Kd7 30. Bb4 Bd8 31. Kd3 f5 32. Kd2 Kc6 33. Kc2 g6 34. Bf8 Bc7 35. Ba3 Kb6 36. Kb3 Bh2 37. f3 Bg1 38. Bc1 Bf2 39. Bd2 Bg3 40. Kc2 Bd6 41. Kb3 Bg3 42. Kc2 Bd6 43. Kb3 Bg3 44. Kc2 1/2-1/2